000
00193 a2200097 4500
001
2949
100
_a
Heikal M
245
_a
Autumn of fury
260
_a
_b
Corgi books
_c
090
_c
2241
_d
2241
942
_a
NUST-CAE
_c
M
_c
13792
999
_c
238022
_d
238022